00721 a2200277 4500260001000000630002500010037001300035650002800048100002600076700002200102260001400124245002900138300001100167650002900178260000900207300000900216100000700225440003800232037001200270037001200282037001200294037001200306020001800318999001700336952009000353 aParis a657 - Comptabilité b4, Achat a6 - SCIENCES APPLIQUEES aGrangeas, Geneviève aSaucier, Philippe bEd. Cujas aComptabilité nationale a192 p. aComptabilité nationale c1992 b18cm lFr aNouvelles Collections Economiques aDe 7633 aDe 7634 aDe 8538 aDe 8539 a2-254-92720-5 c42094d42094 00104070aBUACbBUACd2009-02-28l0o657 GRAr2009-02-28 00:00:00w2009-02-28yLIVR